Tax co-ordination when the rest of the world does not cooperate

Medzinárodne prijatá miera výmeny informácií. Iniciatíva OECD a EÚ. Nekooperatívna pozícia USA - príčiny. Ekonomické príčiny nekooperatívnej pozície USA.

Salvato in:
Dettagli Bibliografici
Autore principale: Kubicová, Jana, 1961-
Natura: Capitolo di libro
Lingua:inglese
Soggetti:
Tags: Aggiungi Tag
Nessun Tag, puoi essere il primo ad aggiungerne!!

MARC

LEADER 00000naa$a2200000$$$4500
001 0084176
005 20240502083223.1
041 0 |a eng 
044 |a AT 
245 1 0 |a Tax co-ordination when the rest of the world does not cooperate  |c Jana Kubicová 
520 |a Medzinárodne prijatá miera výmeny informácií. Iniciatíva OECD a EÚ. Nekooperatívna pozícia USA - príčiny. Ekonomické príčiny nekooperatívnej pozície USA. 
610 2 0 |a dane 
610 2 0 |a informácie 
610 2 0 |a výmena informácií 
610 2 0 |a spolupráca medzinárodná 
610 2 0 |a OECD 
610 2 0 |a Európska únia 
610 2 0 |a USA 
100 1 |a Kubicová, Jana, 1961-